000 02531nam a22003617a 4500
005 20120824155435.0
008 101019t xxu||||| |||| 00| 0 hin
010 _aHIN-96502 B-490742-745
020 _c450.00
_a8188714763
035 _aHN-68848 B-490742-745
037 _bDBAD / PUB
037 _bइन्द्रप्रस्थ प्रकाशन
040 _aDPL
_bHN
082 _a822
100 _923632
_aचेख़ोव, अन्तोन
245 _aचेख़ोव के सात नाटक /
_cअन्तोन चेख़ोव; साबिरा हबीब द्वारा अनुदित
246 _aChekhov ke saat vatak
_bby Anton Chekhov Tran by Sabira Habeeb
260 _aदिल्ली
_bलिटिल बुक्स
_c2009
270 _bदिल्ली
_a1/5971, कबूल नगर, शाहदरा
_e110032
300 1 _a316पृ.
_c22सेमी (सजिल्द)
650 _9657
_aहिन्दी नाटक
650 _aHindi Play
_951471
700 _939143
_aसाबिरा हबीब
710 _934811
710 _935049
942 _2ddc
_cHN
_mचेख़ोव
_h822
999 _c69300
_d69300